ՀՀ Գիտությունների ազգային ակադեմիայի հիմնարար գիտական գրադարան  =   Fundamental Scientific Library of NAS RA

Пять дней : (Record no. 230059)

MARC details
000 -LEADER
fixed length control field 00776nam a2200205 u 4500
001 - CONTROL NUMBER
control field 000645221
003 - CONTROL NUMBER IDENTIFIER
control field AM-YeHGA
005 - DATE AND TIME OF LATEST TRANSACTION
control field 20250617140953.0
008 - FIXED-LENGTH DATA ELEMENTS--GENERAL INFORMATION
fixed length control field 090324s1922 ||| r 000 0 rus d
040 ## - CATALOGING SOURCE
Original cataloging agency AM-YeHGA
041 0# - LANGUAGE CODE
Language code of text/sound track or separate title rus
090 ## - LOCALLY ASSIGNED LC-TYPE CALL NUMBER (OCLC); LOCAL CALL NUMBER (RLIN)
-- 231612
100 1# - MAIN ENTRY--PERSONAL NAME
Personal name Мстиславский, С.
245 10 - TITLE STATEMENT
Title Пять дней :
Remainder of title Начало и конец февральской революции /
Statement of responsibility, etc. С. Мстиславский.
250 ## - EDITION STATEMENT
Edition statement 2-е изд.
260 ## - PUBLICATION, DISTRIBUTION, ETC.
Place of publication, distribution, etc. Берлин :
-- Петербург :
-- Москва :
Name of publisher, distributor, etc. Изд-во Э.И. Гржбенина,
Date of publication, distribution, etc. 1922.
300 ## - PHYSICAL DESCRIPTION
Extent 163 с.
440 #0 - SERIES STATEMENT/ADDED ENTRY--TITLE
Title Летопись революции
Number of part/section of a work 3
653 0# - INDEX TERM--UNCONTROLLED
Uncontrolled term Февральская буржуазно-демократическая революция 1917 г.
Holdings
Withdrawn status Lost status Damaged status Not for loan Collection Home library Current library Date acquired Total checkouts Full call number Barcode Date last seen Price effective from Koha item type Public note
        General Fundamental Scientific Library Fundamental Scientific Library 29/12/2016   PII/572680 FL0103803 29/12/2016 29/12/2016 Գրքեր / Books 30 Days Loan


ՀՀ ԳԱԱ հիմնարար գիտական գրադարան
ՀՀ,Երևան 0019
Մարշալ Բաղրամյան 24/6
հեռախոս:(374-10) 52-47-50
Հետադարձ կապ

All site content, except where otherwise noted, is licensed under a
Creative Commons License